00382pab a2200157 454500008004000000100002000040245003900060260000900099300001100108362000800119650002800127650002200155650001800177650001000195773001900205180718b2002 xxu||||| |||| 00| 0 eng d aSaxena, Archana aIndian Women: nutrition and health c2002 ap.3-7. aJun aHealth services - India aNutrition - India aWomen - India aWomen aSocial Welfare